000 02439 a2200289 4500
008 090317t xxu||||| |||| 00| 0 eng d
010 _aB-288314-319
020 _a8170281180
_c225.00
035 _aB-288314-319
037 _bराजपाल एण्ड सन्ज
040 _adpl
_bHN
082 _a921
100 _a, हरिवंशराय बच्चन
245 _aनीड़ का निर्माण फिर : भा-2 /
_cहरिवंशराय बच्चन
260 _aदिल्ली
_bराजपाल एण्ड सन्ज़
_c2006
270 _a1590 मदरसा रोङ कश्मीरी गेट
_b दिल्ली
_e110006
300 _a272पृ
_c22सेमी (सजिल्द)
490 _v4भाग
942 _adpl
_cHN
_2ddc
_h921
_mबच्चन
999 _c12839
_d12839